Europe Map with 10 Random Extra Borders - Statistics

General Stats
  • This quiz has been taken 13,404 times
  • The average score is 9 of 10
Answers on the Map
Answers color-coded by a green-red scale on the quiz's map according to % correct below.
 
Answer Stats
Country % Correct
Sweden
99%
Finland
98%
Norway
98%
Portugal
98%
United Kingdom
98%
France
97%
Ireland
95%
Italy
95%
Lithuania
95%
Romania
95%
Belgium
94%
Germany
94%
Latvia
94%
Moldova
94%
Ukraine
94%
Belarus
93%
Czech Republic
93%
Spain
93%
Austria
92%
Poland
92%
North Macedonia
91%
Slovenia
90%
Bosnia and Herzegovina
89%
Slovakia
89%
Switzerland
89%
Bulgaria
88%
Croatia
88%
Hungary
88%
Netherlands
88%
Serbia
88%
Albania
87%
Greece
87%
Estonia
83%
Montenegro
83%
Denmark
82%
Iceland
80%
Russia
76%
No matching quizzes found
Score Distribution
Percent of People with Each Score
Percentile by Number Answered
Your Score History
You have not taken this quiz